000 01358cam a2200325 i 4500
999 _c46834
_d46834
001 20483
003 CO-MdFUSB
005 20171117104228.0
008 160919t1963 xxu||||f |||| 00| 0 eng d
020 _a0-8010-8148-3
040 _aCO-MdFUSB
_bEspañol
_cCO-MdFUSB
_dCO-MdFUSB
_erda
041 _aeng
082 _224
_a225.95
_bSH554r
100 1 _aSherwin-White, A. N.
_eautor
245 1 0 _aRoman society and Roman law in the New Testament
_b : The Sarum Lectures, 1960-1961
_c/ A. N. Sherwin-White
264 4 _aGrand Rapids, Michigan :
_bBaker Book House,
_c©1963
300 _a206 páginas
336 _2rdacontent
_atexto
_btxt
337 _2rdamedia
_asin mediación
_bn
338 _2rdacarrier
_avolumen
_bnc
500 _aIncluye índices (p. 195-206)
501 _aRústico
505 0 0 _aCoercitio, cognitio e imperium en el primer siglo d.C. - El juicio de Cristo en los evangelios sinópticos - Pablo ante Félix y Festo - Pablo y las ciudades - Pablo en Roma - La narración de Galilea y el mundo greco-romano - La ciudadanía romana y Hechos - Preguntas de historicidad
630 7 _aBiblia.
_pNuevo Testamento
_xCrítica, interpretación, etc.
651 7 _aRoma
_xHistoria
653 _aBiblical events -- New Testament
653 _aAcontecimientos bíblicos -- Nuevo Testamento
942 _cBK